Obchodovanie kontraktov na cenové rozdiely diplomová práca

Enregistré dans:
Détails bibliographiques
Auteur principal: Kamodyová, Dominika
Collectivité auteur: Fakulta podnikového manažmentu EU. Katedra podnikových financií
Autres auteurs: Badura, Peter, 1978-
Format: Livre
Langue:slovaque
Publié: Bratislava 2020
Tags: Ajouter un tag
Pas de tags, Soyez le premier à ajouter un tag!

MARC

LEADER 00000nbm a2200000 4500
001 0265951
005 20201126093607.6
041 0 |a slo 
044 |a SK 
245 1 0 |a Obchodovanie kontraktov na cenové rozdiely  |b diplomová práca  |c Dominika Kamodyová ; školiteľ: Peter Badura 
264 1 |a Bratislava  |c 2020 
300 |a 65 s. 
100 1 |a Kamodyová, Dominika 
700 1 |a Badura, Peter, 1978- 
710 2 |a Fakulta podnikového manažmentu EU. Katedra podnikových financií